LEADER 01326nam a2200301 i 4500 001 000000174286 003 CaOOAMICUS 005 20080923000000.0 008 080923s2000 it u000 u ita u 013 $a151757 020 $a88-307-0935-2 040 $aSeMil$bita 100 1 $aAgnelli, Antonio.$0(OLS)http://semarc/name/45752 245 10$aFare giubileo nella globalizzazione :$bspiritualitą dell'economia e della politica /$cAntonio Agnelli. 260 $aBologna :$bEMI,$ccopyr. 2000. 300 $a124 p. ;$c21 cm. 490 0 $aStrumenti di animazione missionaria 500 $aContiene : Bibliografia. 650 4$aPolitica - Spiritualitą.$0(OLS)http://semarc/subject/10117 650 4$aGlobalizzazione.$0(OLS)http://semarc/subject/1284 650 4$aEconomia - Spiritualitą.$0(OLS)http://semarc/subject/33198 830 0$aStrumenti di animazione missionaria.$0(OLS)http://semarc/title/9994 850 $aSeMil 852 $aSeMil$W1$xVenegono$y1$m3M III 200$j125124$B125124$CSeMilBibl$Z2$F138501 $81 961 $aOmaggio: Altro 996 $6020$a88-307-0935-2$9(OLS)http://semarc/number/162148 996 $6245$aFare giubileo nella globalizzazione :$bspiritualitą dell'economia e della politica$9(OLS)http://semarc/title/249765 996 $6260$aBologna :$bEMI$9(OLS)http://semarc/publisher/29618 LEADER 00611naa a2200157 i 4500 001 000000324866 003 CaOOAMICUS 005 20180831173451.0 008 180831n xx u000 u und u 013 $a35775 040 $aSeMil$bita 245 10$aSinfonia n. 2 in Fa maggiore, Op. 81. 650 4$aMartucci, Giuseppe <1856-1909> - Opere.$0(OLS)http://semarc/subject/44405 700 1 $aMartucci, Giuseppe <1856-1909>.$0(OLS)http://semarc/name/89061 773 0 $tAntonio Guarnieri.$kGrandi Maestri alla Scala$g[file audio]07-10$w()244684 996 $6245$aSinfonia n. 2 in Fa maggiore, Op. 81.$9(OLS)http://semarc/title/398115